000 00605nam a2200229Ia 4500
003 OSt
005 20220928103915.0
006 a|||||r|||| 00| 0
007 ta
008 220927b |||||||| |||| 00| 0 eng d
024 _a50850
037 _cTextual
040 _aSDCL
_cSDCL
_beng
041 _2eng
_aeng
082 _aO165,3N171,1, 152L3
100 _aKerbabyeb Bardi
_9407508
245 0 _aPacca kadam.
260 _aLucknow
_bViplaw Karyalaya
_c1973
300 _a248p
_ccm.
942 _hO165,3N171,1, 152L3
_cTEXL
_2CC
999 _c723024
_d723024